Statystyki dla Belmondawg - Aglio e Olio EP

Kliknij tutaj aby rozwiązać quiz!

Ogólne statystyki

  • Ten quiz został rozwiązany 2 razy
  • Średni wynik to 2 z 8

Statystyki odpowiedzi

NumerTytułGość% Poprawnych
4Emploi
100%
8Truteń (Remastered)
50%
1Aglio Olio e PeperonicoYomen
0%
7Choppin' Dem Thangs
0%
6Gyros (Remastered)
0%
5Osąd (Expo 2000 Remix)
0%
3Teesy Vol. 1/10 (Remastered)
0%
2Żyli Byli Try Japoni (Skit)Babcia Wiosna
0%

Rozkład punktacji

Percentyl według liczby udzielonych odpowiedzi

Procent ludzi z każdym wynikiem

Twoja historia wyników

Nie rozwiązałeś tego quizu